University Cities in Slovakia
Salvato in:
| Autore principale: | |
|---|---|
| Altri autori: | |
| Natura: | Capitolo di libro |
| Lingua: | inglese |
| Soggetti: | |
| Tags: |
Nessun Tag, puoi essere il primo ad aggiungerne!!
|
MARC
| LEADER | 00000naa$a2200000$$$4500 | ||
|---|---|---|---|
| 001 | 0196702 | ||
| 005 | 20240502073320.3 | ||
| 041 | 0 | |a eng | |
| 044 | |a SK | ||
| 245 | 1 | 0 | |a University Cities in Slovakia |c Lukáš Sekelský, Štefan Rehák |
| 610 | 2 | 0 | |a transformácia |
| 610 | 2 | 0 | |a univerzity |
| 610 | 2 | 0 | |a študenti |
| 610 | 2 | 0 | |a obyvateľstvo aktívne |
| 610 | 2 | 0 | |a ekonomika regionálna |
| 610 | 2 | 0 | |a štatistika regionálna |
| 100 | 1 | |a Sekelský, Lukáš | |
| 700 | 1 | |a Rehák, Štefan, 1974- | |